| 000 | 00964 a2200217 4500 | ||
|---|---|---|---|
| 020 | _a0761924418 | ||
| 020 | _a0761924426 | ||
| 040 |
_aDLC _bDLC |
||
| 082 | 0 | 0 | _a300.72 |
| 100 | 1 | _aCreswell, John W. | |
| 245 | 1 | 0 |
_aResearch design: qualitative, quantitative, and mixed method approaches _bqualitative, quantitative, and mixed method approaches _cJohn W. Creswell. |
| 250 | _a2nd ed. | ||
| 260 |
_aThousand Oaks, Calif. : _bSage Publications, _cc2003. |
||
| 300 |
_axxvi, 246 p. : _bill. ; _c25 cm. |
||
| 650 | 0 |
_aSocial sciences _xResearch _xMethodology. |
|
| 650 | 0 |
_aSocial sciences _xStatistical methods. |
|
| 856 | 4 | 1 |
_3Table of contents only _uhttp://www.loc.gov/catdir/enhancements/fy0658/2002005575-t.html |
| 856 | 4 | 1 |
_3Publisher description _uhttp://www.loc.gov/catdir/enhancements/fy0658/2002005575-d.html |
| 856 | 4 | 1 |
_3Contributor biographical information _uhttp://www.loc.gov/catdir/enhancements/fy0734/2002005575-b.html |
| 942 |
_cBK _k300.72 CRE _2ddc |
||
| 999 |
_c7130 _d7130 |
||